000 00262nam a22001097a 4500
082 _a920/MIS
100 _aMishra,Dr.Saroj Kr.
_981828
245 _aPt.Madan Mohan Malaviya
260 _aDelhi
_bGS Publisher Distributors
_c2017
650 _aBiography
942 _cBK
999 _c65993
_d65993